Forging the modern world : (Record no. 25573)
[ view plain ]
| 000 -LEADER | |
|---|---|
| fixed length control field | 01667cam a2200325 i 4500 |
| 001 - CONTROL NUMBER | |
| control field | 18578358 |
| 003 - CONTROL NUMBER IDENTIFIER | |
| control field | EG-ScBUE |
| 005 - DATE AND TIME OF LATEST TRANSACTION | |
| control field | 20230619103247.0 |
| 008 - FIXED-LENGTH DATA ELEMENTS--GENERAL INFORMATION | |
| fixed length control field | 150416t2016 enka f b 001 0 eng d |
| 020 ## - INTERNATIONAL STANDARD BOOK NUMBER | |
| International Standard Book Number | 9780199988563 (pbk.) |
| 040 ## - CATALOGING SOURCE | |
| Original cataloging agency | DLC |
| Language of cataloging | eng |
| Description conventions | rda |
| Transcribing agency | DLC |
| Modifying agency | EG-ScBUE |
| 082 04 - DEWEY DECIMAL CLASSIFICATION NUMBER | |
| Classification number | 909.08 |
| Item number | CAR |
| Edition number | 22 |
| 100 1# - MAIN ENTRY--PERSONAL NAME | |
| Personal name | Carter, James Hugh, |
| Relator term | author. |
| 245 10 - TITLE STATEMENT | |
| Title | Forging the modern world : |
| Remainder of title | a history / |
| Statement of responsibility, etc | James Carter, Richard Warren. |
| 264 #1 - PUBLICATION, DISTRIBUTION, ETC. (IMPRINT) | |
| Place of publication, distribution, etc | Oxford ; |
| -- | New York : |
| Name of publisher, distributor, etc | Oxford University Press, |
| Date of publication, distribution, etc | [2016] |
| 264 #4 - PUBLICATION, DISTRIBUTION, ETC. (IMPRINT) | |
| Date of publication, distribution, etc | c2016 |
| 300 ## - PHYSICAL DESCRIPTION | |
| Extent | xv, 391 pages : |
| Other physical details | illustrations (chiefly color), color maps ; |
| Dimensions | 24 cm |
| 336 ## - CONTENT TYPE | |
| Source | rdacontent |
| Content type term | text |
| Content type code | txt |
| 337 ## - MEDIA TYPE | |
| Source | rdamedia |
| Media type term | unmediated |
| Media type code | n |
| 338 ## - CARRIER TYPE | |
| Source | rdacarrier |
| Carrier type term | volume |
| Carrier type code | nc |
| 504 ## - BIBLIOGRAPHY, ETC. NOTE | |
| Bibliography, etc | Includes bibliographical references and index. |
| 505 0# - FORMATTED CONTENTS NOTE | |
| Formatted contents note | The many worlds of the 15th century, 1405-1510 -- The new global interface, 1486-1639 -- The paradoxes of early modern empire, 1501-1661 -- Production and consumption in the first global economy, 1571- 1701 -- Global war and imperial reform, 1655-1765 -- A new order for the ages, 1755-1839 -- The engines of industrialization, 1787-1868 -- Modernity organized, 1840-1889 -- Globalization and its discontents, 1878-1910 -- Total war and mass society, 1905-1928 -- The ongoing crisis of global order, 1919-1948 -- Hot wars, cold wars and decolonization, 1942-1975 -- The many worlds of the 21st century, 1972-2012. |
| 650 #7 - SUBJECT ADDED ENTRY--TOPICAL TERM | |
| Topical term or geographic name as entry element | History, Modern. |
| Source of heading or term | BUEsh |
| 650 #7 - SUBJECT ADDED ENTRY--TOPICAL TERM | |
| Topical term or geographic name as entry element | History, Modern |
| Chronological subdivision | 20th century. |
| Source of heading or term | BUEsh |
| 651 ## - SUBJECT ADDED ENTRY--GEOGRAPHIC NAME | |
| Source of heading or term | BUEsh |
| 653 ## - INDEX TERM--UNCONTROLLED | |
| Resource For college | BAEPS, Political Science |
| Arrived date list | November2017 |
| 655 ## - INDEX TERM--GENRE/FORM | |
| Form subdivision | Text book |
| 700 1# - ADDED ENTRY--PERSONAL NAME | |
| Personal name | Warren, Richard A., |
| Dates associated with a name | 1961- |
| Relator term | author. |
| 942 ## - ADDED ENTRY ELEMENTS (KOHA) | |
| Source of classification or shelving scheme | Dewey Decimal Classification |
| Koha item type | Book - Borrowing |
| Withdrawn status | Lost status | Source of classification or shelving scheme | Damaged status | Not for loan | Collection code | Home library | Current library | Shelving location | Date acquired | Source of acquisition | Cost, normal purchase price | Total Checkouts | Full call number | Barcode | Date last seen | Koha item type |
|---|---|---|---|---|---|---|---|---|---|---|---|---|---|---|---|---|
| Dewey Decimal Classification | Baccah | Central Library | Central Library | Second Floor | 14/11/2017 | Purchase | 1100.00 | 909.08 CAR | 000046841 | 15/07/2025 | NB - Book (Non borrowing) | |||||
| Dewey Decimal Classification | Baccah | Central Library | Central Library | Second Floor | 14/11/2017 | Purchase | 1100.00 | 909.08 CAR | 000046842 | 15/07/2025 | Book - Borrowing | |||||
| Dewey Decimal Classification | Baccah | Central Library | Central Library | Second Floor | 14/11/2017 | Purchase | 1100.00 | 909.08 CAR | 000046844 | 15/07/2025 | Book - Borrowing |